太鼓の達人 ソライロVer.段位道場 課題曲 - Statistics

General Stats
  • This quiz has been taken 10 times
  • The average score is 13 of 45
Answer Stats
段位 曲名 % Correct
十段2nd 燎原ノ舞
78%
四級3rd 千本桜
67%
十段3rd 万戈イムー一ノ十
67%
九段3rd きたさいたま2000
67%
一級3rd さいたま2000
56%
十段1st Doom Noiz
56%
二級3rd 夏祭り
44%
四段3rd 千本桜(裏)
44%
五段2nd パステル ドリーム
44%
五段3rd
44%
七段1st やわらか戦車(裏)
44%
八段2nd タイコタイム(裏)
44%
六段3rd Red Rose Evangel
44%
一級1st 女々しくて
33%
初段3rd 虹色・夢色・太鼓色
33%
三段1st 桃源郷エイリアン
33%
六段2nd キルミーのベイベー!
33%
七段2nd junction
33%
八段1st Punishment
33%
四段1st 月影SASURAI
33%
初段2nd ブルーバード
22%
二段3rd 無慈悲な王
22%
八段3rd ミュージック・リボルバー(裏)
22%
九段2nd Black Rose Apostle(裏)
22%
三級2nd LOVE戦!!
22%
初段1st PON PON PON
22%
五段1st 宇宙SAMURAI
22%
二段1st Tell Your World
22%
三級1st V.I.P
22%
三段3rd White Rose Insanity
22%
三段2nd 行くぜっ!怪盗少女 -Z ver.-
22%
三級3rd 風は吹いている
11%
二級1st 天体観測
11%
一級2nd 残酷な天使のテーゼ
11%
二段2nd ライオン
11%
四段2nd らいとにんぐ ぱっしょん
11%
六段1st めたるぽりす
11%
七段3rd mint tears
11%
九段1st 練習曲Op.10-4(裏)
11%
初級2nd ウィーゴー!
0%
初級3rd サラバ、愛しき悲しみたちよ
0%
四級1st ファッションモンスター
0%
四級2nd さくらんぼ
0%
二級2nd じょいふる
0%
初級1st Life is SHOW TIME
0%
No matching quizzes found
Score Distribution
Percent of People with Each Score
Percentile by Number Answered
Your Score History
You have not taken this quiz